| 000 | 00515cam a22001811 4500 | ||
|---|---|---|---|
| 001 | 45831 | ||
| 090 | _a45831 | ||
| 100 | _a19940105d1945 m y0pory5003 ba | ||
| 101 | 0 | _apor | |
| 102 | _aPT | ||
| 200 | 1 |
_aO mistério da ópera _eromance policial _fJosé da Natividade Gaspar |
|
| 210 | 9 |
_aLisboa _cLivraria Clássica, _d1945 |
|
| 215 |
_a246, [2] p. _d18 cm |
||
| 225 | 2 |
_aOs melhores romances policiais _v58 |
|
| 675 | _a821.134.3-312.4 | ||
| 700 | 1 |
_aGaspar, _bJosé da Natividade, _f1904-? |
|
| 801 | 0 |
_aPT _bBN _gRPC |
|
| 990 | _cLIVROS | ||